Normal view
MARC view
- Game
Entry Topical Term
001 - CONTROL NUMBER
- control field: 5569
003 - CONTROL NUMBER IDENTIFIER
- control field: OSt
005 - DATE AND TIME OF LATEST TRANSACTION
- control field: 20231104123437.0
008 - FIXED-LENGTH DATA ELEMENTS
- fixed length control field: 231104|| aca||aabn | a|a d
040 ## - CATALOGING SOURCE
- Original cataloging agency: OSt
- Transcribing agency: OSt
150 ## - HEADING--TOPICAL TERM
- Topical term or geographic name as entry element: Game
670 ## - SOURCE DATA FOUND
- Source citation: Work cat.: (OSt)3838: Ball badminton game rules / , 1977.
